| 000 | 00583nam a22001697a 4500 | ||
|---|---|---|---|
| 003 | NUST | ||
| 038 | _aNusrat Nadeem | ||
| 082 | _a200 | ||
| 100 |
_aJaved, Misbah _997416 |
||
| 245 |
_aInvestigating Student Achievement using Equitable assessment practices in secondary school classrooms / _cMisbah Javed |
||
| 264 |
_aIslamabad : _bSEECS, NUST, _c2022. |
||
| 300 | _a85 p. ; | ||
| 650 |
_aMS-Innovative Technologies in Education _927351 |
||
| 700 |
_aSupervisor: Dr. Safdar Abbas Khan _997418 |
||
| 856 | _uhttp://10.250.8.41:8080/xmlui/handle/123456789/30012 | ||
| 942 |
_2ddc _cSC |
||
| 999 |
_c591052 _d591052 |
||